Структурно-фазовый состав и абразивная износостойкость аустенитных композиционных покрытий. Часть 3; Технология машиностроения; № 8

Bibliografiske detaljer
Parent link:Технология машиностроения: обзорно-аналитический, научно-технический и производственный журнал/ Издательский центр "Технология машиностроения".— , 2000-.— 1562-322X
№ 8.— 2014.— С. 5-9
Hovedforfatter: Гнюсов С. Ф. Сергей Фёдорович
Andre forfattere: Маков Д. А.
Summary:Исследовано влияние структурно-фазового состава композиционных покрытий на основе аустенитных сталей с 10 % TiC или 15 % WC на особенности абразивного изнашивания. Установлено, что дополнительная термическая обработка или совмещение процесса наплавки и старения приводит к увеличению коэффициента относительной износостойкости композиционных покрытий на основе марганцовистого аустенита ((Fe-20 % Mn- 4 % V-4 % Mo) + 15 % WC) на 38-42 %, на основе никелевого аустенита ((Fe-20 % Ni- 4 % V-4 % Mo) + 15 % WC) - на 5-12 %.
Sprog:russisk
Udgivet: 2014
Fag:
Format: MixedMaterials Book Chapter
KOHA link:https://koha.lib.tpu.ru/cgi-bin/koha/opac-detail.pl?biblionumber=573672

MARC

LEADER 00000naa2a2200000 4500
001 573672
005 20231101125725.0
035 |a (RuTPU)RU\TPU\prd\272149 
035 |a RU\TPU\prd\272148 
090 |a 573672 
100 |a 20170614a2014 k y0rusy50 ca 
101 0 |a rus 
102 |a RU 
200 1 |a Структурно-фазовый состав и абразивная износостойкость аустенитных композиционных покрытий. Часть 3  |f С. Ф. Гнюсов, Д. А. Маков 
330 |a Исследовано влияние структурно-фазового состава композиционных покрытий на основе аустенитных сталей с 10 % TiC или 15 % WC на особенности абразивного изнашивания. Установлено, что дополнительная термическая обработка или совмещение процесса наплавки и старения приводит к увеличению коэффициента относительной износостойкости композиционных покрытий на основе марганцовистого аустенита ((Fe-20 % Mn- 4 % V-4 % Mo) + 15 % WC) на 38-42 %, на основе никелевого аустенита ((Fe-20 % Ni- 4 % V-4 % Mo) + 15 % WC) - на 5-12 %. 
461 1 |0 (RuTPU)RU\TPU\prd\1737  |x 1562-322X  |t Технология машиностроения  |o обзорно-аналитический, научно-технический и производственный журнал  |f Издательский центр "Технология машиностроения"  |d 2000- 
463 1 |0 (RuTPU)RU\TPU\prd\222744  |t № 8  |v С. 5-9  |d 2014 
610 1 |a труды учёных ТПУ 
610 1 |a композиционные покрытия 
610 1 |a карбидная составляющая 
610 1 |a аустенит 
610 1 |a карбид вольфрама 
700 1 |a Гнюсов  |b С. Ф.  |c специалист в области машиностроения  |c профессор Томского политехнического университета, доктор технических наук  |f 1960-  |g Сергей Фёдорович  |2 stltpush  |3 (RuTPU)RU\TPU\pers\26508 
701 1 |a Маков  |b Д. А. 
801 1 |a RU  |b 63413507  |c 20111221 
801 2 |a RU  |b 63413507  |c 20170614  |g RCR 
942 |c BK